| 000 | 00337nam a2200121Ia 4500 | ||
|---|---|---|---|
| 008 | 190216s9999||||xx |||||||||||||| ||und|| | ||
| 100 | _aCompetition Success Review Editorial Board | ||
| 245 | 0 | _aIit-Jee Complete Solutions | |
| 260 |
_b"Competition Review Pvt Ltd,Newdelhi" _c2008 |
||
| 300 | _a428 | ||
| 650 | _aReferences | ||
| 942 | _cREF | ||
| 999 |
_c36917 _d36917 |
||